Statistics for Most Famous Brand Mascots

Click here to take the quiz!

General Stats

  • This quiz has been taken 15 times
  • The average score is 5 of 20

Answer Stats

BrandMascot% Correct
Frosted FlakesTony the Tiger
83%
DisneyMickey Mouse
67%
AflacDuck
58%
GeicoGecko
58%
PlanterMr. Peanut
58%
KFCColonel Sanders
50%
NintendoMario
42%
Kool-AidThe Kool-Aid Man
33%
CheetosChester Cheetah
25%
Chick-fil-ACows
25%
Coco PopsCoco the Monkey
8%
CornflakesCornelius (Corny) Rooster
0%
B&G FoodsJolly Green Giant
0%
PringlesJulio Pringles
0%
Procter & GambleMr. Clean
0%
S. C. Johnson & SonMr. Muscle
0%
PillsburyPoppin’ Fresh
0%
NesquikQuicky
0%
MarsThe M&M’s
0%
MonopolyUncle Pennybags
0%

Score Distribution

Percentile by Number Answered

Percent of People with Each Score

Your Score History

You have not taken this quiz